000 00810nam a22002537a 4500
001 BR5800061
003 BR-BrBNA
005 20230928083001.0
007 ta
008 230509b bl.||||| |||| 00| 0 por d
040 _aBR-BrBNA
_bpor
_cBiblioteca Nacional de Agricultura
041 _a(Por)
072 _aL60
_b6000
_b/G514
090 _ 6000 BR5800061
100 1 _aPinto, O.M. de O.
245 1 _aCatalogo das aves do Brasil e lista dos exemplares que as representam no Museu Paulista pt. 1. Aves nao Passeriformes e Passeriformes nao Oscines excluida a Fam. Tyrannidae e seguintes
260 3 _aSao Paulo, SP (Brasil):
_c1958.
300 _a566 p.
650 _aAVE DOMESTICA
650 _aDISTRIBUICAO GEOGRAFICA
650 _aSAO PAULO
909 _a202309
_bLucia
_c55
_dLucia Elande
942 _cBK
999 _c10950
_d10950